| 000 | 00693nam a2200229Ia 4500 | ||
|---|---|---|---|
| 005 | 20250619151910.0 | ||
| 008 | 008 250619s9999 xx 000 0 eng d | ||
| 020 | _a978-1-03-293877-6 | ||
| 037 | _aTextBook | ||
| 040 |
_aFEDL _beng _cFEDL |
||
| 041 |
_aeng _2eng |
||
| 084 |
_a371.9, FRA/R _qFEDL |
||
| 100 |
_aFrank Catherine Lawless _9813296 |
||
| 245 | 0 | _aEssentials of special education: What educators need to know | |
| 260 |
_aNew York, USA _bRoutledge _c2021 |
||
| 300 | _a162p. | ||
| 365 |
_aINR _b895 |
||
| 650 |
_aSpecial EducationTeacher Training _9813297 |
||
| 700 |
_a Richards Stephen B _9813298 |
||
| 942 |
_cTB _h371.9, FRA/R |
||
| 999 |
_c1431953 _d1431953 |
||